000
00280nam a2200109Ia 4500
008
190216s9999||||xx |||||||||||||| ||und||
100
_a
Sharma G C &madhu Jain
245
0
_a
Unified Mathematics
260
_b
Galgotia Publication Pvt Ltf
_c
2001
300
_a
1062p
942
_c
REF
999
_c
36649
_d
36649